Obras de Arte de la Ciudad Universitaria de Caracas : (Record no. 11742)
[ view plain ]
| 000 -CABECERA | |
|---|---|
| campo de control de longitud fija | 01065nam a2200277 4500 |
| 003 - IDENTIFICADOR DEL NÚMERO DE CONTROL | |
| campo de control | OSt |
| 005 - FECHA Y HORA DE LA ÚLTIMA TRANSACCIÓN | |
| campo de control | 20260530113900.0 |
| 008 - DATOS DE LONGITUD FIJA--INFORMACIÓN GENERAL | |
| campo de control de longitud fija | 260507b1991 ve a|||| |||| 00| 0 spa d |
| 040 ## - FUENTE DE LA CATALOGACIÓN | |
| Centro catalogador/agencia de origen | ICI |
| Lengua de catalogación | spa |
| Centro/agencia transcriptor | ICI |
| 041 ## - CÓDIGO DE LENGUA | |
| Código de lengua del texto/banda sonora o título independiente | spa |
| -- | eng |
| 050 ## - SIGNATURA TOPOGRÁFICA DE LA BIBLIOTECA DEL CONGRESO | |
| Número de clasificación | N6737.C37 |
| Número de documento/Ítem | O37 |
| 100 1# - ENTRADA PRINCIPAL--NOMBRE DE PERSONA | |
| Nombre de persona | Monte Avila |
| Término indicativo de función/relación | editor |
| 9 (RLIN) | 32158 |
| 245 10 - MENCIÓN DE TÍTULO | |
| Título | Obras de Arte de la Ciudad Universitaria de Caracas : |
| Resto del título | ensayos = Works of art of the University City of Caracas : essays / |
| Mención de responsabilidad, etc. | Marina Gasparini ... [y otros.] ; fot., Paolo Gasparini |
| 246 ## - FORMA VARIANTE DE TÍTULO | |
| Título propio/Titulo breve | Works of art of the university city of caracas : essays |
| 264 #1 - PRODUCCIÓN, PUBLICACIÓN, DISTRIBUCIÓN, FABRICACIÓN Y COPYRIGHT | |
| Producción, publicación, distribución, fabricación y copyright | Caracas : |
| Nombre del de productor, editor, distribuidor, fabricante | Universidad Central de Venezuela : |
| Fecha de producción, publicación, distribución, fabricación o copyright | 1991 |
| 300 ## - DESCRIPCIÓN FÍSICA | |
| Extensión | 221 páginas: |
| Otras características físicas | ilustraciones |
| 336 ## - TIPO DE CONTENIDO | |
| Término de tipo de contenido | texto |
| Fuente | rdacontent |
| 337 ## - TIPO DE MEDIO | |
| Nombre/término del tipo de medio | sin medio |
| Fuente | rdamedia |
| 338 ## - TIPO DE SOPORTE | |
| Nombre/término del tipo de soporte | volumen |
| Fuente | rdacarrier |
| 500 ## - NOTA GENERAL | |
| Nota general | Texto en espanol e ingles |
| 610 #2 - PUNTO DE ACCESO ADICIONAL DE MATERIA--NOMBRE DE ENTIDAD CORPORATIVA | |
| Nombre de entidad corporativa o nombre de jurisdicción como elemento de entrada | Universidad Central de Venezuela |
| 9 (RLIN) | 32159 |
| 650 #4 - PUNTO DE ACCESO ADICIONAL DE MATERIA--TÉRMINO DE MATERIA | |
| Término de materia o nombre geográfico como elemento de entrada | Arte venezolano |
| Subdivisión geográfica | Caracas |
| 9 (RLIN) | 32160 |
| 650 #4 - PUNTO DE ACCESO ADICIONAL DE MATERIA--TÉRMINO DE MATERIA | |
| Término de materia o nombre geográfico como elemento de entrada | Arte moderno |
| Subdivisión cronológica | Siglo XX |
| Subdivisión geográfica | Venezuela |
| -- | Caracas |
| 9 (RLIN) | 32161 |
| 700 ## - PUNTO DE ACCESO ADICIONAL--NOMBRE DE PERSONA | |
| Nombre de persona | Gasparini, Marina |
| Término indicativo de función/relación | colaborador |
| 9 (RLIN) | 32162 |
| 942 ## - ELEMENTOS DE PUNTO DE ACCESO ADICIONAL (KOHA) | |
| Fuente del sistema de clasificación o colocación | Library of Congress Classification |
| Tipo de ítem Koha | |
| Suprimir en OPAC | 1 |
No items available.